O grande mentecapto (Record no. 182243)

MARC details
000 -LÍDER
campo de controle de tamanho fixo 00355 a2200169 4500
001 - NÚMERO DE CONTROLE
campo de controle 182243
020 ## - ISBN - INTERNATIONAL STANDARD BOOK NUMBER
ISBN - International Standard Book Number 85-01-91280-0
040 ## - FONTE DA CATALOGAÇÃO
Instituição que transcreveu o registro Magnum
100 ## - ENTRADA PRINCIPAL--NOME PESSOAL
Nome pessoal Sabino, Fernando
240 10 - TÍTULO UNIFORME
Título uniforme O grande mentecapto
Idioma da obra por
245 10 - TÍTULO
Título O grande mentecapto
300 ## - DESCRIÇÃO FÍSICA
Extensão 236
362 0# - DATAS DE PUBLICAÇÃO E/OU DESIGNAÇÃO SEQUENCIAL
Datas de publicação e/ou designação sequencial 1995
440 #1 - DECLARAÇÃO DE SÉRIE/ENTRADA ADICIONADA--TÍTULO
Título Record
697 ## - ENTRADA DE ASSUNTO LOCAL--ENTIDADE COLETIVA (RLIN)
Nome corporativo ou nome da jurisdição LITERATURA GERAL
942 ## - ELEMENTOS DE ENTRADA ADICIONADOS (KOHA)
Tipo de material Koha Livros
Holdings
Situação do descarte Situação das perdas Situação física Não pode ser emprestado Biblioteca de origem Biblioteca atual Data de aquisição Total de empréstimos Número de chamada completo Código de barras Data de último acesso Data do preço efetivo Tipo de material Koha
        Magnum Magnum 08/06/2024   869.4.50 MAG00033226 08/06/2024 08/06/2024 Livros
        Magnum Magnum 08/06/2024   869.4.50 MAG00033227 08/06/2024 08/06/2024 Livros
        Magnum Magnum 08/06/2024   869.4.50 MAG00033228 08/06/2024 08/06/2024 Livros
        Magnum Magnum 08/06/2024   869.4.50 MAG00033229 08/06/2024 08/06/2024 Livros
        Magnum Magnum 08/06/2024   869.4.50 MAG00033230 08/06/2024 08/06/2024 Livros
        Magnum Magnum 08/06/2024   869.4.50 MAG00033231 08/06/2024 08/06/2024 Livros
        Magnum Magnum 08/06/2024   869.4.50 MAG00033232 08/06/2024 08/06/2024 Livros
        Magnum Magnum 08/06/2024   869.4.50 MAG00033233 08/06/2024 08/06/2024 Livros
        Magnum Magnum 08/06/2024   869.4.50 MAG00033234 08/06/2024 08/06/2024 Livros
        Magnum Magnum 08/06/2024   869.4.50 MAG00033235 08/06/2024 08/06/2024 Livros
        Magnum Magnum 08/06/2024   869.4.50 MAG00033236 08/06/2024 08/06/2024 Livros